Normal view
MARC view
Entry Personal Name
001 - CONTROL NUMBER
- control field: 243053
003 - CONTROL NUMBER IDENTIFIER
- control field: St Aloysius Coll
005 - DATE AND TIME OF LATEST TRANSACTION
- control field: 20251028190716.0
008 - FIXED-LENGTH DATA ELEMENTS
- fixed length control field: 251028|| aca||aabn | a|a d
040 ## - CATALOGING SOURCE
- Original cataloging agency: St Aloysius Coll
- Transcribing agency: St Aloysius Coll
100 ## - HEADING--PERSONAL NAME
- Personal name: Page-Gould, Elizabeth
670 ## - SOURCE DATA FOUND
- Source citation: Work cat.: (St Aloysius Coll)240592: Elliot Aronson 243049, Social psychology, 2024